[Event "Cheliabinsk-ch"]
[Site "Cheliabinsk"]
[Date "2011.03.05"]
[Round "8"]
[White "Shumkov, Victor"]
[Black "Kuznetsov, Igor"]
[Result "1-0"]
[WhiteElo "1947"]
[BlackElo "2234"]
[PlyCount "57"]
[EventDate "2011.02.26"]
[EventType "swiss"]
[EventRounds "9"]
[EventCountry "RUS"]
[SourceTitle "CBM 141 Extra"]
[Source "ChessBase"]
[SourceDate "2011.05.03"]
[SourceVersion "1"]
[SourceVersionDate "2011.05.03"]
[SourceQuality "1"]

1. d4 d5 2. Nf3 e6 3. e3 c5 4. b3 Nc6 5. Bd3 Nf6 6. Bb2 Bd6 7. Nbd2 0-0 8. 0-0 Re8 9. Ne5 cxd4 10. exd4 Bxe5 11. dxe5 Nd7 12. f4 h6 13. a3 Nc5 14. Be2 Qb6 15. Kh1 Na4 16. bxa4 Qxb2 17. Bd3 Qb6 18. Qh5 Nd4 19. Nf3 Nf5 20. g4 g6 21. Qh3 Ne3 22. Qxh6 Nxg4 23. Qh4 Ne3 24. Ng5 Qc7 25. Rf3 Nf5 26. Qh7+ Kf8 27. Qh8+ Ke7 28. Qf6+ Kf8 29. Rh3 1-0

[Event "Cheliabinsk-ch"]
[Site "Cheliabinsk"]
[Date "2011.03.03"]
[Round "6"]
[White "Shumkov, Victor"]
[Black "Kozirev, Alexander"]
[Result "0-1"]
[WhiteElo "1947"]
[BlackElo "2361"]
[PlyCount "57"]
[EventDate "2011.02.26"]
[EventType "swiss"]
[EventRounds "9"]
[EventCountry "RUS"]
[SourceTitle "CBM 141 Extra"]
[Source "ChessBase"]
[SourceDate "2011.05.03"]
[SourceVersion "1"]
[SourceVersionDate "2011.05.03"]
[SourceQuality "1"]

1. d4 d5 2. Nf3 Nf6 3. e3 Bf5 4. c4 c6 5. Nc3 e6 6. cxd5 exd5 7. Bd3 Bxd3 8. Qxd3 Nbd7 9. 0-0 Be7 10. Rb1 a5 11. a3 a4 12. Qc2 Nb6 13. b3 axb3 14. Qxb3 Nfd7 15. Ne5 Ra6 16. Nxd7 Qxd7 17. a4 0-0 18. Rd1 Rb8 19. e4 dxe4 20. Nxe4 Nd5 21. Nc5 Bxc5 22. dxc5 Qe7 23. Bb2 Re8 24. Qg3 f6 25. h4 Rxa4 26. h5 h6 27. Bc1 Qe2 28. Rf1 Rg4 29. Qb3 0-1

[Event "Cheliabinsk Kibizov Memorial 5th"]
[Site "Cheliabinsk"]
[Date "2010.07.02"]
[Round "9"]
[White "Shumkov, Victor"]
[Black "Smirnov, Boris"]
[Result "1/2-1/2"]
[WhiteElo "1967"]
[BlackElo "2173"]
[PlyCount "51"]
[EventDate "2010.06.24"]
[EventType "swiss"]
[EventRounds "9"]
[EventCountry "RUS"]
[SourceTitle "EXT 2012"]
[Source "ChessBase"]
[SourceDate "2011.11.24"]
[SourceVersion "1"]
[SourceVersionDate "2011.11.24"]
[SourceQuality "1"]

1. e4 d6 2. d4 Nf6 3. Nc3 g6 4. Bg5 Bg7 5. Nf3 c6 6. h3 b5 7. Bd3 b4 8. Ne2 0-0 9. 0-0 Nbd7 10. c3 bxc3 11. bxc3 Qa5 12. Qc2 Re8 13. Rab1 Qc7 14. c4 e5 15. dxe5 Nxe5 16. Nxe5 dxe5 17. Nc3 Nd7 18. Na4 Nf8 19. Nc5 Ne6 20. Nxe6 Bxe6 21. Rb3 h6 22. Be3 Bf8 23. Rfb1 Red8 24. Rb7 Qa5 25. Be2 c5 26. R7b5 1/2-1/2

[Event "Cheliabinsk Kibizov Memorial 5th"]
[Site "Cheliabinsk"]
[Date "2010.07.01"]
[Round "8"]
[White "Pleshakov, Kirill"]
[Black "Shumkov, Victor"]
[Result "0-1"]
[WhiteElo "1991"]
[BlackElo "1967"]
[PlyCount "54"]
[EventDate "2010.06.24"]
[EventType "swiss"]
[EventRounds "9"]
[EventCountry "RUS"]
[SourceTitle "EXT 2012"]
[Source "ChessBase"]
[SourceDate "2011.11.24"]
[SourceVersion "1"]
[SourceVersionDate "2011.11.24"]
[SourceQuality "1"]

1. e4 e5 2. f4 Bc5 3. Nf3 d6 4. Bc4 Nf6 5. Nc3 0-0 6. d4 exd4 7. Nxd4 Re8 8. 0-0 Nxe4 9. Nce2 Bg4 10. c3 d5 11. Bb5 c6 12. Bd3 Qb6 13. Kh1 Nd7 14. Qe1 Bxe2 15. Bxe2 Bxd4 16. cxd4 Qxd4 17. Qh4 Ng3+ 18. Qxg3 Rxe2 19. f5 Nf6 20. h3 Ne4 21. Qc7 Re8 22. Bf4 Nf2+ 23. Kh2 Qe4 24. Rg1 Qxf5 25. Rae1 h6 26. Ref1 Nxh3 27. Bg3 Qh5 0-1

[Event "Cheliabinsk Region CC-ch sf"]
[Site "Cheliabinsk"]
[Date "2010.??.??"]
[Round "7"]
[White "Shumkov, Victor"]
[Black "Krapivin, Viktor"]
[Result "0-1"]
[WhiteElo "1967"]
[BlackElo "1911"]
[PlyCount "62"]
[EventDate "2010.??.??"]
[EventType "swiss"]
[EventRounds "9"]
[EventCountry "RUS"]
[SourceTitle "EXT 2012"]
[Source "ChessBase"]
[SourceDate "2011.11.24"]
[SourceVersion "1"]
[SourceVersionDate "2011.11.24"]
[SourceQuality "1"]

1. f4 d5 2. Nf3 Nf6 3. e3 c6 4. d4 Bg4 5. h3 Bxf3 6. Qxf3 Qb6 7. c4 e6 8. Nc3 Be7 9. Bd3 Nbd7 10. c5 Qc7 11. 0-0 b6 12. cxb6 axb6 13. e4 dxe4 14. Nxe4 Nxe4 15. Bxe4 Rc8 16. Bd2 0-0 17. Rac1 c5 18. dxc5 Nxc5 19. f5 exf5 20. Qxf5 g6 21. Qf3 Bd6 22. Bf4 Bxf4 23. Qxf4 Qxf4 24. Rxf4 f5 25. Bd5+ Kg7 26. b4 Nd3 27. Rxc8 Rxc8 28. Rd4 Rc1+ 29. Kh2 Nf2 30. a4 g5 31. a5 f4 0-1